| 000 | 01150cam a22003257a 4500 | ||
|---|---|---|---|
| 003 | CHAP | ||
| 005 | 20220329140012.0 | ||
| 008 | 971013s1979 r 00010 d | ||
| 010 | _a45353 | ||
| 011 | _a46325 | ||
| 035 | _a50466 | ||
| 040 | _cCHAP | ||
| 082 |
_a631.0913 _bU3 |
||
| 110 |
_aUACH. Centro Regional Tropical Puyacatengo _9115835 |
||
| 245 | 1 | 4 | _aLos procesos de trabajo agrícola en la Sierra del madrigal del estado de Tabasco |
| 260 |
_aSan José Yucatengo, Tab. : _bUACH, _c1979 |
||
| 300 | _a77 p. | ||
| 590 |
_aBATCH-UPD _b10 _c20130110 _lUCH01 _h1036 |
||
| 590 |
_aBATCH-UPD _b10 _c20130410 _lUCH01 _h0637 |
||
| 590 |
_aBATCH-UPD _b10 _c20130913 _lUCH01 _h2245 |
||
| 590 |
_aCONVERSION _b10 _c20130109 _lUCH01 _h1325 |
||
| 650 | 1 | 4 |
_aAgricultura _xTabasco. _91830 |
| 650 | 1 | 4 |
_aAgricultura _xTrópicos. _91888 |
| 650 | 1 | 4 |
_aCultivos tropicales. _930383 |
| 901 | _aBK | ||
| 942 | _cLIBRO | ||
| 949 |
_a631.0913 U3 _bBC _cLIBRO _d-113401 _eUACH _h47754 _i50466 _mD _si |
||
| 949 |
_a631.0913 U3 _bBC _cLIBRO _d33724000053294 _eLIBRO _fc.2 _h16703 _i50466 _mD _si |
||
| 949 |
_a631.0913 U3 _bBC _cLIBRO _d33724000053500 _eLIBRO _fc.3 _h16704 _i50466 _mD _si |
||
| 999 |
_c45353 _d45353 |
||